| 000 | 00346nam a2200145Ia 4500 | ||
|---|---|---|---|
| 005 | 20260328101519.0 | ||
| 008 | 260328s9999||||xx |||||||||||||| ||und|| | ||
| 100 | _aBuchenau, H. | ||
| 245 | 0 |
_aConstrucciónes Metálicas / _cH. Buchenau |
|
| 250 | _a10a ed. | ||
| 260 | _bLabor | ||
| 300 | _a294 p. | ||
| 650 | _aCALCULO ESTRUCTURAL | ||
| 942 | _cBK | ||
| 999 |
_c9493 _d9493 |
||